Loading...
Faces of Feminism : a study of feminism as a social movement
| Main Author: | |
|---|---|
| Format: | Printed Book |
| Published: |
Oxford, Basil Blackward
1988
|
| Subjects: |
| LEADER | 005310000a22001810004500 | ||
|---|---|---|---|
| 020 | |a 0-631-14945-7 | ||
| 041 | |a en | ||
| 082 | |a 305.42 M8 | ||
| 100 | |a Banks, Olive | ||
| 245 | |a Faces of Feminism : a study of feminism as a social movement | ||
| 260 | |a Oxford, Basil Blackward | ||
| 260 | |c 1988 | ||
| 650 | |a Feminism | ||
| 650 | |a History | ||
| 650 | |a Social science | ||
| 942 | |c BK | ||
| 999 | |c 153558 |d 153554 | ||
| 952 | |0 0 |1 0 |4 0 |6 305_420000000000000_M8 |7 0 |9 152364 |a SCK |b SCK |d 2017-10-23 |l 0 |o 305.42 M8 |p SCK03635 |r 2017-10-23 |w 2017-10-23 |y BK | ||